000 00460nam a2200181Ia 4500
001 10315
005 20260306161823.0
008 260306t2013||||xx |||||||||||||| ||spa||
041 _aESP
082 _a918.85
_bP87
100 _aProtzel, Javier
_eAUT
245 0 _aEspacio-tiempo y movilidad:
_bnarrativas del viaje y de la lejanía
260 _c2013
300 _a311 páginas :
_c25 cm.
650 _aGEN
654 _aCHU
942 _cLIB
_dJUS
_fJUS
_2ddc
_n
999 _c10315
_d10315